000 00573nam a2200193Ia 4500
005 20260120132200.0
008 008 260114s9999 xx 000 0 eng d
020 _a9780197700303
037 _aEBOOK
040 _aCRL
_beng
_cCRL
041 _aeng
_2eng
084 _qCRL
100 _aEhrenfeld
_9935931
245 0 _aBecoming Good Ancestors: How We Balance Nature, Community, and Technology
260 _bOxford University PressOxford University Press
_c2023
856 _uhttps://academic.oup.com/book/51024
942 _cEBOOK
999 _c1527854
_d1527854